World famous fairy tales

Bibliographic Details
Format: Book

MARC

LEADER 00000cam a2200000 7i4500
001 0000009621
002 000010484
005 20000330.0
020 |a 983902406X 
090 0 0 |a 398.2   |b WOR 
245 1 0 |a World famous fairy tales 
999 |a 048421   |b BUKU   |c PINJAMAN   |e PERPUSTAKAAN KOMUNITI PETALING JAYA